Catalog

Record Details

Catalog Search



Práva a povinnosti našich dětí  Cover Image Book Book

Práva a povinnosti našich dětí / Marie Hanzová, Miloslav Kodým, Marta Kremličková

Record details

  • ISBN: 80-7187-007-2
  • Physical Description: 107 s. : il. ; 21 cm
  • Edition: 1. vyd.
  • Publisher: Praha : Victoria Publishing, 1995

Content descriptions

General Note:
Graf. úprava Šárka Holá ; obálka František Obešlo
Subject: práva dětí
Genre: učební pomůcky
příručky

Available copies

  • 2 of 2 copies available at Common Catalog SPOK.

Holds

  • 0 current holds with 2 total copies.
Show Only Available Copies
Location Call Number / Copy Notes Barcode Shelving Location Status Due Date
Jabok Library ET-9.2/H 424480000464 Odborná literatura Available -
Jabok Library ET-9.2/H 424480001248 Odborná literatura Available -

LDR 01266nam a2200373 4500
0019735
003CZ-PrJAB
00520171208102650.0
007tu
008950412s1995 xr a c f 000 0 cze
015 . ‡acnb000104883
020 . ‡a80-7187-007-2 ‡q(brož.)
035 . ‡a(CZ PrNK)np9540152
035 . ‡a(OCoLC)85666242
040 . ‡aABA001 ‡bcze
072 7. ‡a342 ‡xÚstavní právo. Správní právo ‡2Konspekt ‡916
080 . ‡a342.726-053.2 ‡2MRF
080 . ‡a(072) ‡2MRF
080 . ‡a(035) ‡2MRF
1001 . ‡aHanzová, Marie, ‡d1944- ‡7xx0008980 ‡4aut
24510. ‡aPráva a povinnosti našich dětí / ‡cMarie Hanzová, Miloslav Kodým, Marta Kremličková
250 . ‡a1. vyd.
260 . ‡aPraha : ‡bVictoria Publishing, ‡c1995 ‡e(Praha : ‡fForma)
300 . ‡a107 s. : ‡bil. ; ‡c21 cm
500 . ‡aGraf. úprava Šárka Holá ; obálka František Obešlo
65007. ‡apráva dětí ‡7ph124706 ‡2czenas
655 7. ‡aučební pomůcky ‡7fd133775 ‡2czenas
655 7. ‡apříručky ‡7fd133209 ‡2czenas
7001 . ‡aHolá, Šárka ‡4art
7001 . ‡aObešlo, František ‡7jx20040909020 ‡4bjd
7001 . ‡aKodým, Miloslav, ‡d1930- ‡7jk01061056 ‡4aut
7001 . ‡aKremličková, Marta, ‡d1935- ‡7jo20010088909 ‡4aut
910 . ‡aABG312
901 . ‡a9735 ‡bUnknown ‡c9735 ‡tbiblio

Additional Resources